Resultados cruceros CIMAR 21 - islas oceánicas: informes preliminares. 12 de octubre al 11 de noviembre de 2015
Saved in:
| Corporate Authors: | , |
|---|---|
| Format: | Bog |
| Sprog: | spansk |
| Udgivet: |
Valparaíso
Comité Oceanográfico Nacional
2016
|
| Udgivelse: | 1a. ed |
| Fag: | |
| Tags: |
Tilføj Tag
Ingen Tags, Vær først til at tagge denne postø!
|
MARC
| LEADER | 00000cam a2200000 a 4500 | ||
|---|---|---|---|
| 001 | UCC1313 | ||
| 003 | CL-VaPUC | ||
| 008 | 171020e20160000cl |||||||||||||||||spa|d | ||
| 082 | 0 | 4 | |a 551.46 |b CON |2 21 |
| 110 | 2 | |a CONA |e author |9 595390 | |
| 710 | 2 | |a Comité Oceanográfico Nacional |e author |9 595391 | |
| 245 | 1 | 0 | |a Resultados cruceros CIMAR 21 - islas oceánicas: informes preliminares. 12 de octubre al 11 de noviembre de 2015 |
| 250 | |a 1a. ed | ||
| 300 | |a 212 p | ||
| 942 | |c BK | ||
| 945 | |d 20171020 15:16:00 |a dcastane | ||
| 260 | |a Valparaíso |b Comité Oceanográfico Nacional |c 2016 | ||
| 650 | 0 | |a Oceanografía |9 260014 | |
| 650 | 7 | |a TEMPERATURA DEL MAR |2 CL-VaPUC |9 537643 | |
| 650 | 0 | |a Fitoplancton |9 261810 | |
| 583 | |a last modification |c 20171020 15:16:00 |k Rodrigo Vera | ||
| 999 | |c 369863 |d 369861 | ||
| 952 | |0 0 |1 0 |2 ddc |3 erb |4 0 |6 551_460000000000000_CON_2016 |7 0 |8 A |9 486008 |a BIBCUR |b BIBCUR |i 5431239 |o 551.46 CON 2016 |p 5431239 |r 2025-04-22 |w 2019-11-24 |y BK |z Catalogado en:20171020 |k CIM | ||